Statystyki dla Państwa Ameryki płn według martwych na Covid-19 (6.06.2020)

Kliknij tutaj aby rozwiązać quiz!

Ogólne statystyki

  • Ten quiz został rozwiązany 20 razy
    (15 od ostatniego zresetowania)
  • Średni wynik to 14 z 29

Statystyki odpowiedzi

Liczba martwychKraj% Poprawnych
7,70 tysKanada
100%
13,1 tysMeksyk
100%
111 tysStany Zjednoczone
100%
10Jamajka
93%
50Haiti
87%
248Honduras
80%
10Kostaryka
80%
83Kuba
80%
370Panama
80%
53Salwador
80%
525Dominikana
73%
2Belize
67%
216Gwatemala
67%
46Nikaragua
67%
8Trynidad i Tobago
67%
3Antigua i Barbuda
53%
11Bahamy
47%
7Barbados
47%
3Aruba
7%
9Bermudy
0%
1Brytyjskie Wyspy Dziewicze
0%
1Curacao
0%
14Gwadelupa
0%
1Kajmany
0%
14Matrynika
0%
1Montserrat
0%
3Saint Martin
0%
15Sint Maarten
0%
1Turks i Caicos
0%

Rozkład punktacji

Percentyl według liczby udzielonych odpowiedzi

Procent ludzi z każdym wynikiem

Twoja historia wyników

Nie rozwiązałeś tego quizu od ostatniego zresetowania